1230 1055 1504 1928 1457 1140 1528 1448 1470 1428 1369 1084 1204 1628 1815 1619 1856 1714 1680 1437 1920 1666 1664 1352 1682 1565 1305 1495 1126 1544 1600 1987 1837 1815 1341 1654 1829 1708 1433 1627 1840 1166 1841 1653 1785 1910 1360 1839 1597 1713 1905 1199 1687 1226 1967 1235 1044 1951 1062 1853 1801 1230 1659 1357 1723 1193 1438 1360 1299 1244 1440 1072 1881 1369 1627 1789 1985 1589 1088 1898 1016 1437 1483 1578 1385 1048 1302 1308 1143 1124 1900 1197 1933 1527 1732 1832 1516 1202 1067 BCNSPRNW ULIB Ver.6.0+V

เปลี่ยนเป็นภาษาไทย

Change to English
 แสดงรายละเอียดบรรณานุกรม
  กลับหน้าหลัก

Brief Record : Get Marc (ISO 2709) : E-mail record : QR code < ปิดหน้าต่าง
LEADER : 00000nam 2200000uu 4500
001    13399121733
003     ULIB
008    121203s2555||||th 000 0 tha d
020    9789747528428
050  4 H62^bส234ก
100 0  สมคิด พรมจุ้ย
245 00 การเขียนรายงานการวิจัย^cสมคิด พรมจุ้ย
260    นนทบุรี :^bจตุพร,^c2555
300    324 หน้า
650  0 การวิจัย
945    ^p220^l0^i033165
995    เกษณ
999    ^aใช้งานได้ทุกระบบ
รายการนี้ยังไม่มีแท็ก
คุณยังไม่ได้ล็อกอิน คุณสามารถมีกิจกรรมร่วมกับเว็บไซต์ได้ แต่ต้องล็อกอินก่อน ::
  ล็อกอิน

รายการสื่อสารสนเทศ

ลำดับที่ ประเภท เลขเรียก/บาร์โค้ด สถานที่ สถานะ
1. วิทยาศาสตร์การแพทย์ และสุขภาพ
หนังสือสำรอง
สถานะ=หนังสือสำรอง
H62 ส234ก ฉ.1 
  Barcode: 033165
ห้องสมุดวิทยาเขตสวรรค์ประชารักษ์
►หนังสือทั่วไป
บนชั้น

รายการใกล้เคียง
    หัวเรื่อง [การวิจัย]

BibComment


ยังไม่เคยถูกคอมเมนท์

คอมเมนท์ทรัพยากรรายการนี้
  คอมเมนท์: การเขียนรายงานการ..


 Copyright 2026. Bcnsprnw @Library